00625nam a22001097a 4500040000800000082002600008100004300034245037500077260002600452300002200478856001500500 cRUA aAED EM 2018 B657 Or.1 aEM SAROTH អែម សារដ្ឋ athe study on economic efficiency of biogaster using in sla commune, samrong district, takeo province ការសិក្សារអំពីប្រសិទ្ធភាពសេដ្ឋកិច្ចនៃការប្រើប្រាស់ឡជីវឧស្ម័ននៅឃុំស្លា ស្រុកសំរោង ខេត្តតាកែវ aRUAbPhnom penhc2018 ax;39pbill;c29cm u EM SAROTH